|
|
|
|
| LEADER |
00654cam a2200193 a 4500 |
| 001 |
0000110266 |
| 005 |
20081006090000.0 |
| 040 |
|
|
|a mod
|
| 041 |
|
|
|a eng
|
| 090 |
0 |
0 |
|a 371.30281
|b MOH
|c f
|e 2006
|
| 100 |
0 |
0 |
|a Mohammad Azni Bin Hj Hasran
|
| 245 |
1 |
0 |
|a Masalah akademik pelajar-pelajar melayu di sebuah pusat pengajian tinggi swasta
|c Mohammad Azni Bin Hj Hasran
|
| 260 |
0 |
0 |
|a Bangi, Selangor
|b Universiti Kebangsaan Malaysia
|c 2006
|
| 300 |
0 |
0 |
|a vii, 58 p.
|c 30 cm
|
| 650 |
0 |
0 |
|a Study skills
|
| 650 |
0 |
0 |
|a Thesis
|
| 650 |
0 |
0 |
|a Academic achievement
|x Case studies
|
| 852 |
0 |
0 |
|a 01
|
| 999 |
|
|
|a TH0009897
|b KEMENTAH
|d BOOKS
|e Thesis
|f Perpustakaan KEMENTAH
|j AVAILABLE
|q GOOD CONDITION
|